| 000 | 01874nam a2200349 a 4500 | ||
|---|---|---|---|
| 003 | EG-GiCUC | ||
| 005 | 20250223025912.0 | ||
| 008 | 090721s2009 ua dh f m 000 0 eng d | ||
| 040 |
_aEG-GiCUC _beng _cEG-GiCUC |
||
| 041 | 0 | _aeng | |
| 049 | _aDeposite | ||
| 097 | _aM.Sc | ||
| 099 | _aCai01.12.05.M.Sc.2009.Mo.C | ||
| 100 | 0 | _aMohamed Azab Rashed Ellathy | |
| 245 | 1 | 0 |
_aComparative study between different methods for detection and enumeration of pathogenic bacteria from aquatic environment / _cMohamed Azab Rashed Ellathy ; Supervised Tarek Abdelmawgoud Moussa , Gamila Elsayed Eltaweel |
| 246 | 1 | 5 | _aدراسة مقارنة بين الطرق المختلفة لكشف وتقدير البكتيريا الممرضة فى البيئة المائية |
| 260 |
_aCairo : _bMohamed Azab Rashed Ellathy , _c2009 |
||
| 300 |
_a173Leavests : _bcharts , facsimiles ; _c30cm |
||
| 502 | _aThesis (M.Sc.) - Cairo University - Faculty of Science - Department of Botany- Microbiology | ||
| 520 | _aThe main objective of this investigation was detection of some pathogenic bacteria in different water sources.The other objective were develop molecular approaches that could be used for rapid sensitive and specific monitoring of the three bacterial pathogens total vibrios Listeria group and salmonellae group directly and comparison between cultivation based methods(membrane filtration(MF)and multiple tube fermentation(MTF)techniques and rapid methods(PCR) | ||
| 530 | _aIssued also as CD | ||
| 653 | 4 | _a River Nile water | |
| 653 | 4 | _aQarun lake water | |
| 653 | 4 | _aRaw and treated wastewater | |
| 700 | 0 |
_aGamila Elsayed Eltaweel , _eSupervisor |
|
| 700 | 0 |
_aTarek Abdelmawgoud Moussa , _eSupervisor |
|
| 856 | _uhttp://172.23.153.220/th.pdf | ||
| 902 | _a1 | ||
| 905 |
_aNazla _eRevisor |
||
| 905 |
_aSoheir _eCataloger |
||
| 942 |
_2ddc _cTH |
||
| 999 |
_c23194 _d23194 |
||